Normal view MARC view

Entry Meeting Name

Number of records used in: 1

001 - CONTROL NUMBER

  • control field: 25798

003 - CONTROL NUMBER IDENTIFIER

  • control field: OSt

005 - DATE AND TIME OF LATEST TRANSACTION

  • control field: 20211105134957.0

008 - FIXED-LENGTH DATA ELEMENTS

  • fixed length control field: 211105|| aca||aabn | a|a d

040 ## - CATALOGING SOURCE

  • Original cataloging agency: OSt
  • Transcribing agency: OSt

111 ## - HEADING--MEETING NAME

  • Meeting name or jurisdiction name as entry element: Alexander von Humboldt Colloquim
  • Number of part/section/meeting: 5th
  • Location of meeting: Badhofgastein, Austria
  • Date of meeting or treaty signing: 2000 Mar. 19-25

670 ## - SOURCE DATA FOUND

  • Source citation: Work cat.: (OSt): Alexander von Humboldt Colloquim 5th Badhofgastein, Austria 2000 Mar. 19-25, New developments in the dynamics of planetary systems, 2001

Powered by Koha